Welche Autobahn? - Statistiken

Allgemein
  • Dieses Quiz wurde 52 mal gespielt
  • Das Durchschnittsergebnis liegt bei 7 aus 19
Antwortstatistiken
Hinweis Autobahn % Korrekt
Längste Autobahn Deutschlands A7
95%
Wenn man die A2 Richtung Obeehausen immer weiterfährtkommt man automatisch auf diese Autobahn A3
71%
Bildet den Ring von Berlin A10
62%
Welche Autobahn verbindet Köln mit dem Saarland, wird aber in derEifel kurzzeitig unterbrochen? A1
52%
Ist durch häufige Staus auch als "Ruhrschleichweg" bekannt A40
50%
Welche Autonahn bildet den Münchener Ring? A99
50%
Nenne eine der drei Autobahnen in NRW, die dafür bekannt sind, dass sie in soviele Teile verteilt ist A44/A46/A52
43%
Welche Autobahn führt nach Schwerin? A14
38%
Küstenautobahn an der Ostsee A20
33%
Diese Autobahn führt für etwa 90km parallel zu den AutonahnenA67 und/oder A6 entlang A5
33%
Diese Autobahn führt von Sangerhausen, über Erfurt nach Schweinfurt A71
31%
Welche zweistellige Autobahn verbindet die meisten Millionenstädte A24
29%
Diese Autobahn verbindet Berlin mit Cottbus A15
26%
Linksrheinische Autobahn, die bis nach Mannheim führt A61
19%
Diese kurze Autobahn beginnt am Flughafen Bremen A281
12%
War die erste deutsche Autobahn A555
12%
Welche Autobahn beginnt und endet an der A1? A43
10%
Welche ist die längste 3-stellige Autobahn? A661
7%
Welche Autobahn gilt als die kürzeste? A831
7%
Keine übereinstimmenden Quizze gefunden
Verteilung der Resultate
Anzahl Personen mit jedem Resultat
Perzentil nach korrekt beantworteten Fragen
Ihre Resultats-Entwicklung
Sie haben dieses Quiz noch nicht gespielt